| 000 | 00569nam a22001817a 4500 | ||
|---|---|---|---|
| 005 | 20251006160413.0 | ||
| 010 | _aENG-146918 | ||
| 020 |
_a9789349015562 _c1695.00 |
||
| 035 | _aEN-130450 | ||
| 037 | _bDBAD | ||
| 082 |
_a000 _220 |
||
| 245 | _aGuide to Judicial Service Examination/ | ||
| 250 | _a20 | ||
| 260 |
_aHaryana _bLexisNexis _c2025 |
||
| 270 |
_a14th Floor, Building No. 10, Tower-B, DLF Cyber City, Phase-II, Gurgaon _bHaryana _e122002 _k+91-124-4774444 _l+91-1244774100 |
||
| 300 |
_a1534p _c24cm.(pb) |
||
| 942 |
_2ddc _cEN _h000 _mUNI _e20 |
||
| 999 |
_c213574 _d213574 |
||